La Liga 2025/26 - Logos - Statistiken

Allgemein
  • Dieses Quiz wurde 125 mal gespielt
  • Das Durchschnittsergebnis liegt bei 16 aus 20
Antwortstatistiken
Bildquiz Antwort % Korrekt
FC Barcelona
100%
FC Villarreal
95%
Celta Vigo
94%
FC Valencia
94%
Atlético Madrid
91%
Real Madrid
91%
Betis Sevilla
90%
RCD Mallorca
87%
Espanyol Barcelona
86%
FC Sevilla
86%
Real Sociedad
85%
CA Osasuna
81%
UD Levante
81%
FC Girona
80%
FC Getafe
79%
Rayo Vallecano
78%
Athletic Bilbao
77%
Deportivo Alavés
68%
FC Elche
64%
Real Oviedo
41%
Keine übereinstimmenden Quizze gefunden
Verteilung der Resultate
Anzahl Personen mit jedem Resultat
Perzentil nach korrekt beantworteten Fragen
Ihre Resultats-Entwicklung
Sie haben dieses Quiz noch nicht gespielt